000 00389nam a22001457a 4500
005 20240830113801.0
008 240830b |||||||| |||| 00| 0 eng d
082 _a336.2
_bICA
245 _aICAEW Advanced Taxation;
_bQuestion Bank/
_cBPP Study System
260 _aLondon;
_bBPP;
_c1997
300 _aiv, 212 p.;
_bill.;
_c29.5 cm.
650 _aSocial Sciences
999 _c36508
_d36508